Situation models and levels of coherence: toward a definition of comprehension
Saved in:
| Hovedforfatter: | |
|---|---|
| Format: | Bog |
| Sprog: | engelsk |
| Udgivet: |
Mahwah
Lawrence Erlbaum Associates
2007
|
| Serier: | Cognitive Psychology
|
| Fag: | |
| Tags: |
Tilføj Tag
Ingen Tags, Vær først til at tagge denne postø!
|
MARC
| LEADER | 00000nam a2200000 a 4500 | ||
|---|---|---|---|
| 001 | UCI8740 | ||
| 003 | CL-VaPUC | ||
| 008 | 080925e20070000us |||||||||||||||||eng|d | ||
| 020 | |a 0805855505 | ||
| 082 | 0 | 4 | |a 153.4 |b TAP |2 21 |
| 100 | 0 | |a Tapiero, Isabelle |e author |9 532324 | |
| 245 | 1 | 0 | |a Situation models and levels of coherence: toward a definition of comprehension |
| 300 | |a 224 p | ||
| 942 | |c BK | ||
| 945 | |d 20080925 00:00:00 |a rbrito | ||
| 260 | |a Mahwah |b Lawrence Erlbaum Associates |c 2007 | ||
| 650 | 0 | |a Pensamiento |9 307612 | |
| 650 | 0 | |a Comprensión |9 339377 | |
| 650 | 0 | |a Psicología cognitiva |9 306250 | |
| 650 | 7 | |a CONOCIMIENTO |2 CL-VaPUC |9 308991 | |
| 583 | |a last modification |c 20171120 06:01:02 |k Rodrigo Vera | ||
| 490 | 0 | |a Cognitive Psychology | |
| 999 | |c 331534 |d 331532 | ||
| 952 | |0 0 |1 0 |4 0 |6 153_400000000000000_TAP_2007 |7 0 |8 A |9 418260 |a FDOPOS |b FDOPOS |d 2019-11-22 |i 4483669 |o 153.4 TAP 2007 |p 4483669 |r 2025-01-22 |w 2019-11-22 |y BK |k MLA | ||
| 952 | |0 0 |1 0 |4 0 |6 153_400000000000000_TAP_2007 |7 0 |8 A |9 418261 |a FDOPOS |b FDOPOS |d 2019-11-22 |i 4498054 |o 153.4 TAP 2007 |p 4498054 |r 2025-01-22 |w 2019-11-22 |y BK |k DLA | ||